HP B7 C3 - Statistics

General Stats
  • This quiz has been taken 3 times
  • The average score is 21 of 42
Answer Stats
Term Answer % Correct
Argumentación Argument
100%
Musculoso Muscular
100%
Enarcar Arch
50%
En Vela Awake
50%
Manaza Big Hand
50%
Tronar Boom
50%
Maletero Boot
50%
A Estas Alturas By Now
50%
Saco Cardigan
50%
Olímpicamente Completely
50%
Lidiar Cope With
50%
Currículo CV
50%
Escritura Deed
50%
Descarrilamiento Derailment
50%
Sobremesa Desktop
50%
Desdeñar Disdain
50%
Puñado Fistful
50%
Vaticinar Forecast
50%
Regodeo Gloating
50%
Holgazán Idle
50%
Calaña Ilk
50%
Chaqueta De Piel Leather Jacket
50%
Palanca Lever
50%
Hospedar Lodge
50%
Malva Mauve
50%
Enredo Muddle
50%
Telediario News
50%
Cuento Chino Old Wives’ Tale
50%
Alheña Privet
50%
Cachorrillo Puppy
50%
Rezongar Rail
50%
Apresar Seize
50%
Zanjar Settle
50%
Acallar Silence
50%
Trompo Spinning Top
50%
Extrañeza Strangeness
50%
Retahíla String
50%
Lacónico Succinct
50%
Cremallera Zip
50%
Poner Por Caso Assume
0%
Escarnio Derision
0%
Chuchería Sweet
0%
No matching quizzes found
Score Distribution
Percent of People with Each Score
Percentile by Number Answered
Your Score History
You have not taken this quiz